Library Logo

Pioneer International University Library Catalogue

Seventeenth Summer / (Record no. 10007)

MARC details
000 -LEADER
fixed length control field 00947nam a22002897a 4500
003 - CONTROL NUMBER IDENTIFIER
control field OSt
005 - DATE AND TIME OF LATEST TRANSACTION
control field 20260326100002.0
008 - FIXED-LENGTH DATA ELEMENTS--GENERAL INFORMATION
fixed length control field 260326b |||||||| |||| 00| 0 eng d
010 ## - LIBRARY OF CONGRESS CONTROL NUMBER
LC control number 2009932311
020 ## - INTERNATIONAL STANDARD BOOK NUMBER
International Standard Book Number 9781416994633
020 ## - INTERNATIONAL STANDARD BOOK NUMBER
International Standard Book Number 9781416999263 (ebook)
040 ## - CATALOGING SOURCE
Transcribing agency SIMON PULSE
041 ## - LANGUAGE CODE
Language code of text/sound track or separate title eng
050 ## - LIBRARY OF CONGRESS CALL NUMBER
Classification number PZ 7 .D171 1942
Item number .D171 1942
100 ## - MAIN ENTRY--PERSONAL NAME
Personal name Daly, Maureen,
245 ## - TITLE STATEMENT
Title Seventeenth Summer /
Statement of responsibility, etc. Maureen Daly.
250 ## - EDITION STATEMENT
Edition statement Simon Pulse edition.
260 ## - PUBLICATION, DISTRIBUTION, ETC.
Place of publication, distribution, etc. New York, NY :
Name of publisher, distributor, etc. Simon Pulse,
Date of publication, distribution, etc. 1942.
300 ## - PHYSICAL DESCRIPTION
Extent 340 pages ;
Dimensions 21cm
500 ## - GENERAL NOTE
General note Originally published 1942.
520 ## - SUMMARY, ETC.
Summary, etc. A coming‑of‑age novel about seventeen‑year‑old Angie Morrow, spending her last summer before college falling in love in Wisconsin.
650 ## - SUBJECT ADDED ENTRY--TOPICAL TERM
Topical term or geographic name entry element Teenage girls
Form subdivision Fiction
650 ## - SUBJECT ADDED ENTRY--TOPICAL TERM
Topical term or geographic name entry element First loves
Form subdivision Fiction
650 ## - SUBJECT ADDED ENTRY--TOPICAL TERM
Topical term or geographic name entry element Coming‑of‑age fiction.
655 ## - INDEX TERM--GENRE/FORM
Source of term lcgft
Genre/form data or focus term Young adult fiction.
942 ## - ADDED ENTRY ELEMENTS (KOHA)
Source of classification or shelving scheme Library of Congress Classification
Koha item type Books
Edition 1st ed.
Suppress in OPAC No
Holdings
Withdrawn status Lost status Source of classification or shelving scheme Damaged status Not for loan Home library Current library Date acquired Total checkouts Full call number Barcode Date last seen Price effective from Koha item type
    Library of Congress Classification     PIU Library Main Library 03/26/2026   PZ 7 .D171 1942 PIUDLMUR965 03/26/2026 03/26/2026 Books